| 000 | 00636nam a22002172 4500 | ||
|---|---|---|---|
| 999 |
_c9040 _d9040 |
||
| 001 | 9040 | ||
| 003 | BD - JhCC | ||
| 005 | 20180314175833.0 | ||
| 008 | 860403s1930 enk 000 0 fre d | ||
| 035 | _a(BD - JhCC)9040 | ||
| 040 |
_aNCU _cNCU _dEQO _dBD - JhCC |
||
| 041 | _aeng | ||
| 082 |
_bROE 1930 _a840.8 |
||
| 100 | 1 |
_aRoe, Frederick Charles, _d1894- |
|
| 245 | 1 | 0 |
_aTwentieth century French prose / _cedited by Frederick C. Roe. |
| 260 |
_aLondon ; _aNew York : _bLongmans, Green and co., _c1930. |
||
| 300 |
_axvii, 19-143 p. ; _c20 cm. |
||
| 650 | 0 |
_aFrench prose literature _xCollections. |
|
| 942 |
_2ddc _cBK |
||